000 01334nam a2200349 a 4500
001 ebr10017824
003 CaPaEBR
006 m u
007 cr cn|||||||||
008 010430s2000 enk sb 001 0 eng
010 _z 00042220
015 _aGBA1-3445
016 7 _a0415240409
_2Uk
020 _z0415240409
040 _aCaPaEBR
_cCaPaEBR
035 _a(OCoLC)70734258
050 1 4 _aHM826
_b.S65 2000eb
082 0 4 _a306
_221
100 1 _aSomerville, Peter.
245 1 0 _aSocial relations and social exclusion
_h[electronic resource] :
_brethinking political economy /
_cPeter Somerville.
260 _aLondon :
_bRoutledge,
_c2000.
300 _a212 p.
490 1 _aRoutledge studies in governance and public policy ;
_v4
504 _aIncludes bibliographical references and index.
533 _aElectronic reproduction.
_bPalo Alto, Calif. :
_cebrary,
_d2013.
_nAvailable via World Wide Web.
_nAccess may be limited to ebrary affiliated libraries.
650 0 _aSocial institutions.
650 0 _aRational choice theory.
655 7 _aElectronic books.
_2local
710 2 _aebrary, Inc.
830 0 _aRoutledge studies in governance and public policy ;
_v4.
856 4 0 _uhttp://site.ebrary.com/lib/rucke/Doc?id=10017824
_zAn electronic book accessible through the World Wide Web; click to view
999 _c11840
_d11840